00564nam a2200169 i 4500001000300000100002100003245010600024260001900130700001700149040000800166041000800174942000700182008004100189999001700230856009800247952004900345bg1 aKONCEVOJ, Ju. A. 0aMetody kontrolja teechnologii proźwodstva poluprovodnikovych priborov /cJu.A. Kocevoj, V.D. Kudin. aMoskva,c1973.1 aKUDIN, V. D. cBPK apol cKS s pl f |000 0 pol  c26692d26692 uhttp://koha.tu.koszalin.pl/cgi-bin/koha/opac-detail.pl?biblionumber=26692yKatalog online BPK 00104070aBPKbBPKcwo18243p01718010yKS